[Event "VIE-ch U13 Girls"]
[Site "Ho Chi Minh City"]
[Date "2022.07.15"]
[Round "7"]
[White "Ngo, Bao Quyen"]
[Black "Nguyen, Thanh Thuy"]
[Result "0-1"]
[WhiteElo "2120"]
[BlackElo "2137"]
[PlyCount "74"]
[EventDate "2022.07.11"]
[EventType "swiss"]
[EventRounds "9"]
[EventCountry "VIE"]
[SourceTitle "EXT 2023"]
[Source "ChessBase"]
[SourceDate "2022.10.05"]
[SourceVersion "1"]
[SourceVersionDate "2022.10.05"]
[SourceQuality "1"]

1. e4 d5 2. exd5 Nf6 3. d4 Nxd5 4. c4 Nb6 5. Nf3 Bf5 6. Nc3 e6 7. Be2 Be7 8. 0-0 0-0 9. Bf4 N8d7 10. c5 Nc8 11. Nb5 c6 12. Bc7 Qe8 13. Nd6 Nxd6 14. cxd6 Bd8 15. Bxd8 Qxd8 16. Ne5 Nb6 17. Bg4 Bxg4 18. Qxg4 Qxd6 19. Rad1 Rad8 20. f4 Nd5 21. f5 Ne3 22. Qh3 Nxd1 23. Rxd1 exf5 24. Qxf5 Qf6 25. Qg4 Qe6 26. Qg3 Qxa2 27. b3 Rxd4 28. Rf1 Qa5 29. Ng4 Qg5 30. h3 h5 31. Qc3 Rf4 32. Ne3 Rxf1+ 33. Nxf1 Rd8 34. Ng3 Rd1+ 35. Kh2 h4 36. Ne2 Qd2 37. Qe5 Qd6 0-1